00988 2200325 4500001002100000005001500021035002000036007000300056008004100059020002200100040002200122082001600144084001800160090002200178090002200200100002800222245009200250250003600342300003500378650001800413700003200431700003700463850001200500264003200512336002100544337003000565338002300595999002200618990002200640INLIS00000000085926820210428091719 a0010-0421001173ta210428s2020 yoia g ind d a978-623-02-2043-2 aYOPDYOGbinderda04223a808.301 a808.301 DIA b aDEP 808.301 DIA b aCB-D.11 2020-22120 aDian WahyudiePengarang10aBertualang di curug :bserunya petualangan Syaamil menyusuri air terjun /cDian Wahyudi aCetakan pertama : Desember 2020 ax, 69 halaman :bfoto ;c20 cm aCerita pendek aIpank PamungkasePenyunting aFathurrahman KaryadieIlustrator aYOPDYOG31aSleman :bDeepublish,c2020 2rdacontentateks 2rdamediaatanpa perantara 2rdacarrieravolume aCB-D.11/2020-2212 aCB-D.11/2020-2212